مكتبة جامعة عجلون الوطنية

فهرس بحث المكتبة

أثر جودة خدمات المحافظ الإلكترونية على رضا العملاء في شركات الإتصالات العاملة في الأردن = The Impact of the Quality of Electronic Wallets Services on Customers Satisfaction at Telecommunications Companies Operating in Jordan (Record no. 33892)

MARC details
000 -LEADER
fixed length control field 01178nam a22001937a 4500
003 - CONTROL NUMBER IDENTIFIER
control field JO-AjAnu
005 - DATE AND TIME OF LATEST TRANSACTION
control field 20250315094250.0
008 - FIXED-LENGTH DATA ELEMENTS--GENERAL INFORMATION
fixed length control field 250310b jo ||||| |||| 00| 0 ara d
040 ## - CATALOGING SOURCE
Transcribing agency JO-AjAnu
041 ## - LANGUAGE CODE
Language code of original ara
100 ## - MAIN ENTRY--PERSONAL NAME
Personal name الفاعور، طلال عبد محمد سعيد
Relator term معد
9 (RLIN) 66503
245 ## - TITLE STATEMENT
Title أثر جودة خدمات المحافظ الإلكترونية على رضا العملاء في شركات الإتصالات العاملة في الأردن = The Impact of the Quality of Electronic Wallets Services on Customers Satisfaction at Telecommunications Companies Operating in Jordan
Statement of responsibility, etc. / اعداد طلال عبد محمد سعيد الفاعور؛ اشراف نضال فواز حسين القضاة
260 ## - PUBLICATION, DISTRIBUTION, ETC.
Date of publication, distribution, etc. 2025
300 ## - PHYSICAL DESCRIPTION
Extent 104 ورقة
500 ## - GENERAL NOTE
General note رسالة جامعية (رسالة ماجستير في ادارة الاعمال) ، جامعة عجلون الوطنية (الاردن-عجلون) / كلية الأعمال ، قسم إدارة الاعمال، 2025
650 ## - SUBJECT ADDED ENTRY--TOPICAL TERM
Form subdivision الشركات-الاتصالات-ادارة-الأردن
700 ## - ADDED ENTRY--PERSONAL NAME
Personal name القضاة، نضال فواز حسين
9 (RLIN) 64939
Relator term مشرف
942 ## - ADDED ENTRY ELEMENTS (KOHA)
Source of classification or shelving scheme Library of Congress Classification
Koha item type Thesis
Suppress in OPAC No
Holdings
Withdrawn status Lost status Source of classification or shelving scheme Damaged status Not for loan Home library Current library Date acquired Total Checkouts Full call number Barcode Date last seen Price effective from Koha item type
    Library of Congress Classification     مكتبة جامعة عجلون الوطنية مكتبة جامعة عجلون الوطنية 10/03/2025   HD8039.2025 A30162 10/03/2025 10/03/2025 Thesis
    Library of Congress Classification     مكتبة جامعة عجلون الوطنية مكتبة جامعة عجلون الوطنية 10/03/2025   HD8039.2025 A30163 10/03/2025 10/03/2025 Thesis